Tutti gli Stati che hanno controllato Madrid - Statistics

Statistiche generali
  • Questo quiz è stato fatto 12 volte
  • Il punteggio medio è 9 su 13
Statistiche sulle risposte
con Immagini Hint Risposta % Corretto
1975 - Oggi Regno di Spagna
100%
1700 - 1808 Impero Spagnolo Borbonico
89%
1085 - 1504 Regno di Castiglia
89%
1504 - 1700 Impero Spagnolo Asburgico
78%
1814 - 1873 Regno di Spagna
78%
1808 - 1814 Regno Napoleonico di Spagna
78%
1931 - 1939 Seconda Repubblica Spagnola
78%
1939 - 1975 Stato Franchista di Spagna
67%
1874 - 1931 Regno di Spagna
56%
865 - 929 Emirato di Cordova
44%
1873 - 1874 Prima Repubblica Spagnola
44%
1018 - 1085 Taifa di Toledo
44%
929 - 1018 Califfato di Cordova
33%
Nessun quiz corrispondente trovato
Distribuzione punteggi
Percentuale di utenti per punteggio
Percentile per numero di risposta
I tuoi punteggi nel tempo
Non hai fatto questo quiz